| 000 | 003820000a22001570004500 | ||
|---|---|---|---|
| 003 | LK-CoMWRAF | ||
| 008 | 230817t ||||| |||| 00| 0 eng d | ||
| 040 |
_aLK-CoMWRAF _dLK-CoMWRAF _eLK-CoMWRAF |
||
| 041 | _aeng | ||
| 082 |
_a025 _bCHA |
||
| 245 |
_aChanges _b |
||
| 260 |
_aSri Lanka _bEnglish Writers Cooperative _c2000 |
||
| 300 | _ap.56 | ||
| 490 | _aVolume 9, No 1 | ||
| 942 | _cBK | ||
| 999 |
_c206 _d206 |
||